000
00237nam a2200097Ia 4500
005
20251222114353.0
008
251222s1900||||xx |||||||||||||| ||spa||
082
_a
DVD0070/B45F/2003
245
0
_a
Fresas salvajes:Smultronstallet
942
_c
DVD
999
_c
1334
_d
1334